Countries by Abbreviation - Statistics

General Stats
  • This quiz has been taken 27 times
    20 since last reset
  • The average score is 20 of 34
Answer Stats
Abb. Country % Correct
NZ New Zealand
88%
UK United Kingdom
88%
BH Bosnia and Herzegovina
81%
DRC Democratic Republic of the Congo
81%
US United States
81%
CAR Central African Republic
75%
FSM Federated States of Micronesia
75%
NK North Korea
75%
UAE United Arab Emirates
75%
VC Vatican City
75%
BF Burkina Faso
69%
DR Dominican Republic
69%
SA Saudi Arabia | South Africa
69%
NM North Macedonia
63%
TT Trinidad and Tobago
63%
AB Antigua and Barbuda
56%
ET East Timor
56%
PNG Papua New Guinea
56%
SL Saint Lucia | Sierra Leone | Sri Lanka
56%
SK South Korea
56%
SS South Sudan
56%
CV Cape Verde
50%
EG Equatorial Guinea
50%
SKN Saint Kitts and Nevis
50%
SM San Marino
50%
STP São Tomé and Príncipe
50%
IC Ivory Coast
44%
ES El Salvador
38%
GB Guinea Bissau
38%
SVG Saint Vincent and the Grenadines
38%
SI Solomon Islands
38%
CR Czech Republic | Costa Rica
31%
MI Marshall Islands
31%
RC Republic of the Congo
31%
No matching quizzes found
Score Distribution
Percent of People with Each Score
Percentile by Number Answered
Your Score History
You have not taken this quiz since the last reset